Logo CIB grande

INTRODUCTION TO PROCESS CONTROL (Registro nro. 237264)

Detalles MARC
000 -LEADER
campo de control de longitud fija 00543nam a2200217Ia 4500
005 - FECHA Y HORA DE LA ÚLTIMA TRANSACCIÓN
campo de control 20250425162827.0
008 - DATOS DE LONGITUD FIJA--INFORMACIÓN GENERAL
campo de control de longitud fija 250425s9999 xx 000 0 und d
020 ## - NÚMERO INTERNACIONAL ESTÁNDAR DEL LIBRO
Número Internacional Estándar del Libro 9783319422572
041 ## - CÓDIGO DE IDIOMA
Código de lengua del texto/banda sonora o título independiente eng
044 ## - CÓDIGO DEL PAÍS DE LA ENTIDAD EDITORA/PRODUCTORA
Código MARC del país -us
082 ## - NÚMERO DE LA CLASIFICACIÓN DECIMAL DEWEY
Número de clasificación 629.8
Iniciales del Autor SKO
010 ## - NÚMERO DE CONTROL DE LA BIBLIOTECA DEL CONGRESO
Número de control de LC 110574
100 ## - ENTRADA PRINCIPAL--NOMBRE DE PERSONA
Nombre de persona SKORMIN, VICTOR A
245 #0 - MENCIÓN DEL TÍTULO
Título INTRODUCTION TO PROCESS CONTROL
250 ## - MENCION DE EDICION
Mención de edición 1ST ED.
264 ## - PRODUCCIÓN, PUBLICACIÓN, DISTRIBUCIÓN, FABRICACIÓN Y COPYRIGHT
Producción, publicación, distribución, fabricación y copyright Estados Unidos, NEW YORK
Nombre del de productor, editor, distribuidor, fabricante SPRINGER INTERNATIONAL PUBLISHING
Fecha de producción, publicación, distribución, fabricación o copyright 2016.
300 ## - DESCRIPCIÓN FÍSICA
Extensión 254
362 ## - FECHAS DE PUBLICACIÓN Y/O DESIGNACIÓN SECUENCIAL
Fecha de publicación y/o designación secuencial S/N
650 ## - PUNTO DE ACCESO ADICIONAL DE MATERIA--TÉRMINO DE MATERIA
Término de materia o nombre geográfico como elemento de entrada CONTROL DE PROCESOS
942 ## - ELEMENTOS DE ENTRADA SECUNDARIOS (KOHA)
Tipo de ítem Koha Libros
Existencias
Estatus retirado Estado de pérdida Estado de daño No para préstamo Biblioteca de origen Biblioteca actual Fecha de adquisición Coste, precio normal de compra Etiqueta RFID Total de préstamos Código de barras Copia número Tipo de ítem Koha
        CENTRO DE INFORMACIÓN BIBLIOTECARIA CENTRO DE INFORMACIÓN BIBLIOTECARIA 09/11/2019 99.00 0000000000000000034776   71412 1 Libros
        CENTRO DE INFORMACIÓN BIBLIOTECARIA CENTRO DE INFORMACIÓN BIBLIOTECARIA 09/11/2019 99.00 0000000000000000034777   71413 2 Libros

Copyright 2025 ESPOL. Todos los derechos reservados.